00573nam a22001932a 450000100060000000300080000600500170001400800410003103500510007204000320012304100080015508200210016310000330018424500380021725000120025526000290026730000200029665000630031618660BD-RjUL20211209000321.0140222s1959 enk 000 1 eng d aOCLC ocm17150172 from D941101Ma(BD-RjUL)18718 aANOcANOdEQOdBD-RjULbeng aeng bBER 1959a823.911 aBennett, Arnold,d1867-1931.10aRiceyman steps /c Arnold Bennett a11th ed aLondon :bCassell,c1959 a304 p. ;c18 cm aBooksellers and bookselling vFictionz Londonz England